| 000 | 00585nam a2200193Ia 4500 | ||
|---|---|---|---|
| 008 | 220216s9999 xx 000 0 und d | ||
| 100 | _aManju M J | ||
| 245 | 0 | _aDynamics of Corynespora leaf fall and Colletotrichum leaf spot diseases of rubber plants (Hevea brasiliensis) | |
| 260 |
_bJournal of Mycology and Plant Pathology _c2014 |
||
| 300 | _a108-112 | ||
| 650 | _aColletotrichum leaf spot | ||
| 650 | _aCorynespora leaf fall | ||
| 650 | _aRubber plants | ||
| 700 | _aBenagi V I | ||
| 700 | _aJacob C K | ||
| 700 | _aShankarappa T H | ||
| 700 | _aVinod K K | ||
| 942 | _cBS | ||
| 999 |
_c50184 _d50184 |
||